000 00383nam a22001457a 4500
008 230523b |||||||| |||| 00| 0 eng d
020 _a9789388548854
100 _aK. Kannan & Anjana Prakash
245 _aRatanlal & Dhirajlal The Code of Criminal Procedure
250 _a23rd Ed.
260 _aHaryana
_bLN Pub.
_c2022
300 _a1129
546 _aEnglish
942 _2ddc
_cBK
999 _c20034
_d20034